Sports Quiz

Random Sports Quiz
Score 0/95 Timer 15:00
0 Plays Today
Antall kamper Navn % Correct
464Anders Idsø
100%
351Thomas Idsø
100%
123Daniel Lie
100%
559Eirik Sunde
87.5%
198Alexander Surdal Nilsen
87.5%
170Eric Ordaz
87.5%
320Harald Øksnevad
75%
279Stian Lima
75%
253Arnt Sivertsen
75%
232Gitle Martell Aarre
75%
194Vegard Natland
75%
158Anders Dale
75%
154Ørjan Bergum
75%
281Bjarne Hov
62.5%
265Jarle Eike
62.5%
262Terje Andersen
62.5%
241Stein Ivar Andersen
62.5%
221Øystein Winsnes
62.5%
225Erik Gysland
62.5%
201Ove Landa
62.5%
196Tom Arne Bø Pedersen
62.5%
189Ronny Hauge
62.5%
188Owe Kenneth Olsen
62.5%
137Inge Martin Hinna
62.5%
119Ørjan Olsen
62.5%
110Fredrik Stray Tjaum
62.5%
110Odd Morten Lien
62.5%
285Sverre Møllegaard
50%
253Magne Christiansen
50%
215Marius Fossmark
50%
197Alexander Landsnes
50%
144Are Meling
50%
Antall kamper Navn % Correct
143Ole Wick Henriksen
50%
130Karl Olav Jensen
50%
118Bjørn Ravn Carlsen
50%
112Sven Ravn Carlsen
50%
440Jone Holgersen
37.5%
422Svein Bjørnar Skjæveland
37.5%
393Egil Steensland
37.5%
199Eivind Staurland
37.5%
167Jan Inge Reilstad
37.5%
154Eirik Ekholdt
37.5%
141Rune Larsen
37.5%
122Glenn Malmin
37.5%
115Henrik Andre Jelsa
37.5%
103Daniel Vatland
37.5%
406Olav Claussen
25%
356Bjørn Fosse
25%
334Charles Th. Hein
25%
312Tor Tveit
25%
248Tord Løberg
25%
192John Jakobsen
25%
182Stein Løberg
25%
141Stian Falnes
25%
140Odd Jakobsen
25%
138Gunnar Kydland
25%
128Arvid Kydland
25%
121Per Arne Erland
25%
116Cato Kydland
25%
115Endre Surnevik
25%
110David Møller
25%
105Tom Elseth
25%
103Robert Hovland
25%
100Arne Fosse
25%
Antall kamper Navn % Correct
288Arthur Auklend
12.5%
286Olav Rolfsen
12.5%
253Henning Rolfsen
12.5%
234Tor Ingve Kristiansen
12.5%
227Frode Helmichsen
12.5%
205Øyvind Eliassen
12.5%
174Kjetil Kristiansen
12.5%
163Vidar Nilssen
12.5%
149Odd Johannessen
12.5%
144Petter Halvorsen
12.5%
140Geir Hansen
12.5%
133Ole Johannessen
12.5%
133Jan Walder Johannessen
12.5%
131Christian Lyse
12.5%
116Per Bull
12.5%
113Frode Hult
12.5%
102Leonard Sommerfeldt
12.5%
251Trygve Imsland
0%
213Espen Søberg
0%
210Nils Inge Sægrov
0%
206Inge Søyland
0%
177Kjell Steinskog
0%
160Karl Kullberg
0%
144Sven Svendsen
0%
137Geir Inge Valvik
0%
135Harald Hestnes
0%
134Jan Inge Leirvik
0%
129Jan Øyvind Aalen
0%
107Jan Roland
0%
102Ingar Nødland
0%
100Jon Ole Wereide
0%
Remove Ads.
Support Sporcle.
Get the best of Sporcle when you Go Orange. This ad-free experience offers more features, more stats, and more fun while also helping to support Sporcle. Thank you for becoming a member.

You're not logged in!

Compare scores with friends on all Sporcle quizzes.
OR
Log In

Sporcle TV

Today on Sporcle TV


Watch our educational content, quiz creation guides, and fun videos on Sporcle TV.

Show Comments

Extras

Created Jul 10, 2020ReportNominate
Tags:100, Kamper, Med, Navn

Top Quizzes Today


Score Distribution

Paid Content

Your Account Isn't Verified!

In order to create a playlist on Sporcle, you need to verify the email address you used during registration. Go to your Sporcle Settings to finish the process.

Report this User

Report this user for behavior that violates our Community Guidelines.

Details: